000 00622nam a2200241Ia 4500
001 3182
003 GE_BSU
008 181216s||||||||xx |||||||||||||| ||und||
020 _a585173082x
040 _cGE_BSU
080 _a330.1(075)
100 _aХарвей, Джек
245 _aПостигаем экономику
245 _bEconomics
245 _cгл. ред. изд-во Н. Д. Эриашвили.
260 _aМосква
260 _bЮНИТИ
260 _c1997
300 _a484 с. 20 см
541 _h12 л. 50 т.
653 _aПостигаем экономику
942 _cBK
999 _c37223
_d37223